01227nam a2200313Ia 450000500170000000800410001702000180005804100080007608200180008410000210010224501220012325000180024530000480026350001880031150000420049952100350054153400360057665000270061265000280063965000460066770000220071394200150073526400250075033600270077533700330080233800280083504000350086399900150089820220317001811.0170328s2014 s o g 000 0 s  a9788479029623 aspa04a736.982bM23c1 aMeiBner, Dominik10aCrear y jugar con papiroflexiab22 aviones y figuras voladoras para niñoscDominik MeiBner ; traducción Eva Nieto a1a. edición a78 páginasbfotografías en colorc28 cm aEn carátula: Figuras fáciles para niños creativos, aviones de combate, aeronaves nocturnas, seres de la naturaleza y héroes voladores, con detalladas ilustraciones paso a paso aIncluye datos biográficos del autor aRecomendado desde los 9 años tPapierflieger für kreativkids142LEMBaAviones de papel142LEMBaTrabajos en papel142LEMBaPapiroflexiaxEnseñanza elemental1 aNieto, Eva991046 2ddccBKINF aMadridbTutorcc2014 atextobtxt2rdacontent asin mediaciónbn2rdamedia avolumenbnc2rdacarrier aCO-BoRNBPbspaerdacCO-BoRNBP c8135d8135